Statistics for Over Words Quiz

Click here to take the quiz!

General Stats

  • This quiz has been taken 47,440 times
    (12,186 since last reset)
  • The average score is 17 of 22

Answer Stats

Definition Word % Correct
To wake up lateOversleep
97%
An excessive and dangerous
amount of drugs
Overdose
96%
To wear clothes that are too formal
for the occasion
Overdress
95%
EavesdropOverhear
94%
AbroadOverseas
91%
Work done beyond normal hoursOvertime
91%
Completely cloudyOvercast
87%
Off the edge of a shipOverboard
86%
To bring down the governmentOverthrow
84%
To surmount an obstacleOvercome
84%
Too heavyOverweight
84%
To dismiss a lawyer's objectionOverrule
78%
To reverse a law - or capsize a boatOverturn
77%
Like an unkempt gardenOvergrown
77%
Section of road that crosses over anotherOverpass
75%
ElatedOverjoyed
69%
CockyOverconfident
68%
Excessive inventoryOverstock
61%
Plantation bossOverseer
61%
To give film more light than necessaryOverexpose
59%
The cost of doing businessOverhead
57%
A gear that is higher than a car's
normal top gear
Overdrive
53%

Score Distribution

Percentile by Number Answered

Percent of People with Each Score

Your Score History

You have not taken this quiz since the last reset